|
|
|
|
| LEADER |
01116nam a2200289 a 4500 |
| 001 |
1598315 |
| 008 |
100103s1995 nyuab b 000 0 eng d |
| 010 |
|
|
|a 94036134
|
| 020 |
|
|
|a 0415103568 (hbk.)
|
| 020 |
|
|
|a 0415103576 (pbk.)
|
| 040 |
|
|
|a DLC
|c DLC
|d DLC
|d BD-DhAAL
|
| 082 |
0 |
0 |
|a 323.1/68/0904
|2 20
|
| 245 |
0 |
0 |
|a Segregation and apartheid in twentieth-century South Africa /
|c edited by William Beinart and Saul DuBow.
|
| 260 |
|
|
|a London ;
|a New York :
|b Routledge,
|c 1995.
|
| 300 |
|
|
|a xii, 288 p. :
|b ill., maps ;
|c 23 cm.
|
| 490 |
0 |
|
|a Rewriting histories
|
| 504 |
|
|
|a Includes bibliographical references (p. ix-x).
|
| 541 |
1 |
|
|e 00010922
|
| 650 |
|
0 |
|a Apartheid
|z South Africa.
|
| 651 |
|
0 |
|a South Africa
|x Race relations.
|
| 651 |
|
0 |
|a South Africa
|x History
|y 1909-1961.
|
| 651 |
|
0 |
|a South Africa
|x History
|y 1961-1994.
|
| 700 |
1 |
|
|a Beinart, William.
|
| 700 |
1 |
|
|a Dubow, Saul.
|
| 852 |
4 |
|
|a Ayesha Abed Library
|j General shelf
|
| 999 |
|
|
|c 6656
|d 6656
|
| 952 |
|
|
|0 0
|1 0
|2 ddc
|4 0
|6 323_168090400000000_SEG_1995
|7 0
|9 6818
|a BRACUL
|b BRACUL
|c GEN
|d 2010-01-03
|l 0
|o 323.1680904 SEG
|p 3010010922
|r 2010-01-03
|t 1
|w 2010-01-03
|y BK
|